Die größten Städte der USA - Statistiken

Allgemein
  • Dieses Quiz wurde 101 mal gespielt
  • Das Durchschnittsergebnis liegt bei 24 aus 50
Antwortstatistiken
Bevölkerung Staat Stadt % Korrekt
8'537'673 New York New York City
100%
3'976'322 Kalifornien Los Angeles
98%
2'704'958 Illinois Chicago
93%
681'170 District of Columbia Washington
89%
453'579 Florida Miami
84%
870'887 Kalifornien San Francisco
84%
673'184 Massachusetts Boston
80%
1'317'929 Texas Dallas
80%
2'303'482 Texas Houston
80%
693'060 Colorado Denver
76%
632'912 Nevada Las Vegas
73%
1'567'872 Pennsylvania Philadelphia
73%
704'352 Washington Seattle
73%
1'615'017 Arizona Phoenix
71%
1'406'630 Kalifornien San Diego
66%
672'795 Michigan Detroit
65%
472'522 Georgia Atlanta
63%
947'890 Texas Austin
58%
391'495 Louisiana New Orleans
55%
855'164 Indiana Indianapolis
52%
481'420 Kansas Kansas City
52%
413'651 Minnesota Minneapolis
49%
495'234 Kalifornien Sacramento
47%
1'492'510 Texas San Antonio
47%
1'025'350 Kalifornien San Jose
47%
639'863 Oregon Portland
46%
842'051 North Carolina Charlotte
43%
660'388 Tennessee Nashville
42%
652'717 Tennessee Memphis
41%
638'367 Oklahoma Oklahoma City
39%
880'619 Florida Jacksonville
37%
614'664 Maryland Baltimore
36%
595'047 Wisconsin Milwaukee
35%
559'277 New Mexico Albuquerque
31%
860'090 Ohio Columbus
28%
683'080 Texas El Paso
28%
616'261 Kentucky Louisville
28%
854'113 Texas Fort Worth
27%
522'053 Kalifornien Fresno
25%
458'880 North Carolina Raleigh
25%
530'706 Arizona Tucson
20%
446'970 Nebraska Omaha
19%
470'130 Kalifornien Long Beach
14%
452'602 Virginia Virginia Beach
14%
403'090 Oklahoma Tulsa
12%
465'101 Colorado Colorado Springs
11%
420'005 Kalifornien Oakland
11%
392'772 Texas Arlington
8%
389'902 Kansas Wichita
8%
484'587 Arizona Mesa
7%
Keine übereinstimmenden Quizze gefunden
Verteilung der Resultate
Anzahl Personen mit jedem Resultat
Perzentil nach korrekt beantworteten Fragen
Ihre Resultats-Entwicklung
Sie haben dieses Quiz noch nicht gespielt